Aspectos macroeconómicos de la economía chilena: 1973-1976

Shranjeno v:
Bibliografske podrobnosti
Glavni avtor: Hachette de la Fresnaye, Dominique (autor)
Format: Knjiga
Jezik:španščina
Izdano: Santiago Pontificia Universidad Católica de Chile 1977
Serija:Documento de Trabajo, 55
Teme:
Oznake: Označite
Brez oznak, prvi označite!

MARC

LEADER 00000nam a2200000 a 4500
001 UCQ1319
003 CL-VaPUC
008 980709e19770000CL |||||||||||||||||spa|d
082 0 4 |a 330.983  |b HAC  |2 21 
100 |a Hachette de la Fresnaye, Dominique  |e autor  |9 558386 
245 1 0 |a Aspectos macroeconómicos de la economía chilena: 1973-1976 
300 |a 107 p 
942 |c BK 
945 |d 19980709 00:00:00  |a crobeson 
260 |a Santiago  |b Pontificia Universidad Católica de Chile  |c 1977 
650 0 |a Macroeconomía   |9 260301 
650 0 |a Condiciones económicas  |9 258255 
650 0 |a Política económica   |9 255029 
650 7 |a ECONOMIA 1973 - 1976  |2 CL-VaPUC  |9 415091 
651 7 |a CHILE  |2 CL-VaPUC  |9 415092 
583 |a last modification  |c 19980709 00:00:00  |k Rodrigo Vera 
490 0 |a Documento de Trabajo, 55 
999 |c 272321  |d 272319 
952 |0 0  |1 2  |2 ddc  |4 0  |6 330_983000000000000_HAC_1977  |7 0  |8 P  |9 307218  |a BIBENE  |b BIBENE  |d 2019-11-20  |i 1435329  |o 330.983 HAC 1977  |p 1435329  |r 2019-11-20  |w 2019-11-20  |y BK  |k ICO